| 000 | 00451nam a2200157 i 4500 | ||
|---|---|---|---|
| 001 | 31022 | ||
| 003 | ES-MaACL | ||
| 005 | 20230906154308.0 | ||
| 007 | t| | ||
| 008 | 030128s1931 sp ||||1| spa d | ||
| 100 | 1 |
_aBatuecas, Tomás. _926494 |
|
| 245 | 1 | 0 |
_aContribución al estudio de las maderas coloniales del a Guinea Española / _cTomás Batuecas. |
| 260 |
_a[S.l. : _bs.n., _c1931] |
||
| 300 |
_a3 h. ; _c24 cm. |
||
| 852 |
_aES-MaACL _j1752-F-12 |
||
| 999 |
_c31022 _d31022 |
||